Stati per minore Tasso di disoccupazione - Statistics

Statistiche generali
  • Questo quiz è stato fatto 10 volte
  • Il punteggio medio è 5 su 15
Statistiche sulle risposte
Tasso di disoccupazione (%) Continente Nazione % Corretto
2,10 Asia Singapore
100%
2,00 Europa Monaco
78%
1,50 Europa Liechtenstein
56%
0,90 Asia Qatar
56%
2,20 Oceania Vanuatu
44%
2,20 Asia Birmania
33%
0,60 Asia Cambogia
33%
1,00 Asia Laos
33%
1,53 Asia Thailandia
33%
1,90 Asia Bahrein
22%
1,70 Oceania Palau
22%
1,60 Africa Benin
11%
1,80 Africa Burundi
11%
1,90 Africa Ciad
11%
0,80 Africa Niger
0%
Nessun quiz corrispondente trovato
Distribuzione punteggi
Percentuale di utenti per punteggio
Percentile per numero di risposta
I tuoi punteggi nel tempo
Non hai fatto questo quiz